|
|
|
|
| LEADER |
00000nam a22000007a 4500 |
| 005 |
20191014231940.0 |
| 007 |
cr|||| |||| |
| 008 |
191014s2018 br |||||s|||| 00||0 por d |
| 020 |
|
|
|a 978-85-69220-39-8
|
| 035 |
|
|
|a 30557
|
| 040 |
|
|
|a vLex
|
| 090 |
|
|
|c 9803
|d 9803
|
| 100 |
1 |
|
|a Marcondes Martins, Ricardo
|
| 245 |
1 |
0 |
|a Estatuto jurd̕ico das empresas estatais
|h [Recurso electrn̤ico] /
|c Ricardo Marcondes Martins, Augusto Neves Dal Pozzo
|
| 256 |
|
|
|a Servicio en ln̕ea
|
| 260 |
|
|
|a San Pablo:
|b Editora ContraCorrente,
|c 2018
|
| 300 |
|
|
|a 1 recurso electrn̤ico
|
| 500 |
|
|
|a Aliando teoria e prt̀ica, a obra ̌composta por artigos de juristas consagrados e de larga atuaȯ̂ profissional, traduzindo um esforȯ nô s ̤de comentar o texto legislativo, senô que de compreender, de maneira sistemt̀ica, o regime jurd̕ico das empresas estatais. Trata-se, pois, de leitura obrigatr̤ia a todas e todos que desejam aplicar adequadamente a Lei das empresas estatais.
|
| 506 |
1 |
|
|a Disponible solo en los productos indicados
|d vLex Global
|d vLex Global (Academic Edition, excluding Law Schools)
|d vLex Global (U.S. Academic Edition, Law Schools)
|d vLex Global (U.S. Academic Edition, excluding Law Schools)
|d vLex Global (Academic Edition, Law Schools)
|
| 650 |
0 |
4 |
|a Derecho Pb︢lico y Administrativo
|z Brasil
|
| 700 |
1 |
|
|a Dal Pozzo, Augusto Neves
|
| 740 |
0 |
|
|a vLex Libros (Servicio en ln̕ea)
|
| 856 |
4 |
0 |
|u http://vlex.com/source/estatuto-juridico-das-empresas-estatais-30557
|z Acceso restringido
|
| 942 |
|
|
|c BOOK
|
| 999 |
0 |
|
|a Public and Administrative Law
|